| 000 | 00339nam a2200133Ia 4500 | ||
|---|---|---|---|
| 008 | 240624s9999 xx 000 0 und d | ||
| 041 | _aeng | ||
| 082 | _a158.21 HAY | ||
| 100 | _aHAY LOUISE L | ||
| 245 | _aYOU CAN HEAL YOUR LIFE | ||
| 260 |
_c2008 _aAustralia _bHay House India |
||
| 300 | _axiii, : 253 : p. : cm. ; 22 | ||
| 365 |
_cRS _b20 |
||
| 999 |
_c11898 _d11898 |
||